000 00608nam a22002297a 4500
003 UA-OsUOA
001 30231
007 ta
008 20041108b un ||||| |||| 00| 0 ukr d
090 _a91
_bК85
942 _cBK
040 _aUA-OsUOA
_brus
_cUA-OsUOA
_dUA-OsUOA
245 _aКрымские каникулы
_bСборник для туристов и краеведов
_cСост. Л.А.Литвинова
300 _a352 с.
955 _a0
041 _arus
080 _a91
260 _aСимферополь
_bТаврия
_c1985
044 _aUA
650 7 _2UDC
999 _c316639
_d316639